| 000 | 00535nam a2200133Ia 4500 | ||
|---|---|---|---|
| 005 | 20260209120147.0 | ||
| 008 | 260209s9999||||xx |||||||||||||| ||und|| | ||
| 100 | _aHarsh Pratap | ||
| 245 | 0 | _aDisrupting the disruptors – transportation network companies and the charade of gig work | |
| 260 |
_aBangaloreBangalore _bNLSIU, Bangalore _c2023 |
||
| 300 | _a52 p. ; 25 cm. | ||
| 700 | _aProf. Dr. Saurabh Bhattacharjee - Supervisor Prof. Dr. Saurabh Bhattacharjee - Supervisor | ||
| 856 | _uhttps://dans.nls.ac.in/handle/123456789/1197 | ||
| 999 |
_c217591 _d217591 |
||